Peter Norton`s Complete Guide to Microsoft Office 2000 (Record no. 7245)

MARC details
000 -LEADER
fixed length control field 00449nam a2200169Ia 4500
008 - FIXED-LENGTH DATA ELEMENTS--GENERAL INFORMATION
fixed length control field 221030s9999 xx 000 0 und d
020 ## - INTERNATIONAL STANDARD BOOK NUMBER
ISBN 8176352586
041 ## - LANGUAGE CODE
Language code of text/sound track or separate title
082 ## - DEWEY DECIMAL CLASSIFICATION NUMBER
Classification number 105.23
Item number Nor
100 ## - MAIN ENTRY--AUTHOR NAME
Personal name P. Norton
245 #0 - TITLE STATEMENT
Title Peter Norton`s Complete Guide to Microsoft Office 2000
Statement of responsibility, etc by P. Norton, J. T. Freege
260 ## - PUBLICATION, DISTRIBUTION, ETC. (IMPRINT)
Name of publisher Techmedia
Place of publication New Delhi
Year of publication 1999
300 ## - PHYSICAL DESCRIPTION
Number of Pages 792
650 ## - SUBJECT ADDED ENTRY--TOPICAL TERM
Topical Term BE Computer
700 ## - ADDED ENTRY--PERSONAL NAME
Personal name J. T. Freege
942 ## - ADDED ENTRY ELEMENTS (KOHA)
Koha item type Books
Holdings
Accession Number Cost, normal purchase price Full call number Price effective from Koha item type Withdrawn / writtenoff status Materials specified (bound volume or other part) Damaged status Not for loan Permanent Location Current Location Shelving location Date acquired Lost/ Missing status department
BE 3511 297.00 105.23 Nor 10/30/2022 Books   Print   Not For Loan MIET Library, Jammu MIET Library, Jammu BL-Second, FL-1, CUP-77, SH-1, R-1 04/04/2001   BE